Introduction to Statistics and Data Analysis: (Registro nro. 322687)

Detalles MARC
000 -ENCABEZADO
Número de control [NR] 01490nam a22002297a 4500
005 - FECHA Y HORA DE LA ÚLTIMA TRANSACCIÓN
control field 20230529142509.0
008 - DE LONGITUD FIJA DE DATOS DE ELEMENTOS - INFORMACIÓN GENERAL
Elementos de longitud fija [NR] 230529b ||||| |||| 00| 0 eng d
020 ## - NUMERO INTERNACIONAL NORMALIZADO PARA LIBROS [R]
Número Internacional Normalizado del libro [NR] 9783319461625
040 ## - FUENTE DE CATALOGACION [NR]
Agencia de catalogación original [NR] CO-BoUCM
Quien Cataloga David Moreno
Quien Clasifica David Moreno
100 1# - ASIENTO PRINCIPAL--NOMBRE PERSONAL [NR]
Nombre personal [NR] Heumann , Christian.
ID Autoridad 177735
245 1# - MENCION DE TITULO [NR]
Título [NR] Introduction to Statistics and Data Analysis:
Parte restante del título [NR] With Exercises, Solutions and Applications in R/
Mención de responsabilidad, etc. [NR] Christian Heumann, Michael Schomaker y Shalabh.
260 ## - PUBLICACION, DISTRIBUCION, ETC. (PIE DE IMPRENTA) [R]
Lugar de publicación, distribución, etc. [R] Cham
Nombre del editor, distribuidor, etc. [R] Springer International Publishing
Fecha de publicación, distribución, etc. [R] 2016
300 ## - DESCRIPCION FISICA [R]
Extensión [R] xiii, 456 Paginas
Otros detalles físicos [NR] Ilustraciones
505 ## - NOTA DE CONTENIDO CON FORMATO PREESTABLECIDO [R]
Mención de responsabilidad [R] Parte I Estadísticas Descriptiva: Introducción y Marco -- Medidas de Frecuencia y Representación Gráfica de Datos-- Medidas de Tendencia Central y Dispersión -- Asociación de Dos Variables -- Parte II Cálculo de Probabilidades: Combinatoria -- Elementos de la Teoría de la Probabilidad -- Variables Aleatorias -- Distribuciones de Probabilidad -- Parte III Estadística Inductiva : Inferencia -- Prueba de Hipótesis -- Regresión Lineal -- Parte IV Apéndices: Introducción a R -- Soluciones a Ejercicios-- Apéndice técnico -- Resúmenes visuales.
650 1# - ASIENTO SECUNDARIO DE MATERIA - TERMINO TEMATICO [R]
Término temático o nombre geográfico como elemento de entrada [NR] Econometría
Subdivisión general [R] Estadísticas
9 (RLIN) 177736
650 1# - ASIENTO SECUNDARIO DE MATERIA - TERMINO TEMATICO [R]
Término temático o nombre geográfico como elemento de entrada [NR] Macroeconomía
Subdivisión general [R] Teoría y métodos estadísticos
9 (RLIN) 177737
650 1# - ASIENTO SECUNDARIO DE MATERIA - TERMINO TEMATICO [R]
Término temático o nombre geográfico como elemento de entrada [NR] Teoría económica
Subdivisión general [R] Teoría monetaria
9 (RLIN) 177738
700 1# - ASIENTO SECUNDARIO - NOMBRE PERSONAL [R]
Nombre personal [NR] Schomaker , Michael.
9 (RLIN) 177739
700 1# - ASIENTO SECUNDARIO - NOMBRE PERSONAL [R]
Nombre personal [NR] Shalabh.
9 (RLIN) 177740
942 ## - ELEMENTOS DE ENTRADA AGREGADOS (KOHA)
Sistema de clasificación DEWEY
Tema principal Economía
Tipo de ítem principal el descrito en 300a Libro
Edición 1
Clasificación 519.52
Parte restante de la signatura top. H593i
Título oculto en OPAC No
Existencias
Signatura topográfica Código de barras Última vez visto Ejemplar Costo de reposición Price effective from Tipo de ítem Perdido Sistema de clasificación Dañado No prestable Tipo de ítem específico Suprimido Ubicación habitual Ubicación actual Localización Fecha de creación Forma de adquisición Costo
519.52 H593i 100171386 04/12/2025 Ej.1 430848.00 29/05/2023 Libro   DEWEY     Libro   Claustro Claustro 4to piso 29/05/2023 Compra 430848.00